000 00858nam a2200253Ia 4500
003 OSt
005 20220927104820.0
006 a|||||r|||| 00| 0
007 ta
008 220926b |||||||| |||| 00| 0 eng d
024 _a132351
037 _cReference Collections
040 _aRTL
_cRTL
_beng
041 _2eng
_aeng
082 _a"U481, N8"
110 _a"United Nations, Government Of...Economic Commission For Europe"
_9367487
245 0 _aImplementation of human settlements policies on urban renewal an housing modernization
_b" A case study, vienna"
260 _aNew
_bYork United Nation U S A
_c1998
300 _a29p.
_ccm.
650 _aHuman Geography
_9367488
700 _a"United Nations, Government Of...Economic Commission For Europe"
_9367489
942 _h"U481, N8"
_cCC
999 _c688803
_d688803